Princess Bride Rhymes Quiz Stats

 Plays Quiz Updated Sep 17, 2012

Challenge
Share
Tweet
Embed
Score 0/5 Timer 00:30
8 Plays Today
Rhyme % Correct
No more rhymes now, I mean it!Anybody want a peanut?
79.4%
You have a great gift for rhyme.Yes, yes, some of the time.
74.4%
Fezzik, are there rocks ahead?If there are, we'll all be dead!
68.3%
Probably he means no harm.He's really very short on charm.
62.2%
That Vizzini, he can fuss.I think he likes to scream at us.
49.5%

You're not logged in!

Compare scores with friends on all Sporcle quizzes.
OR
Log In

You Might Also Like...

Show Comments

Extras

Top Quizzes Today


Score Distribution

Your Account Isn't Verified!

In order to create a playlist on Sporcle, you need to verify the email address you used during registration. Go to your Sporcle Settings to finish the process.

Report this User

Report this user for behavior that violates our Community Guidelines.

Details: